ბათუმის შოთა რუსთაველის სახელმწიფო უნივერსიტეტის ბიბლიოთეკა

Биологическое растениеводство (ბიბ.ჩანაწერი № 35589)

000 -LEADER
fixed length control field 00735nam a2200241Ia 4500
001 - CONTROL NUMBER
control field 1452
003 - CONTROL NUMBER IDENTIFIER
control field GE_BSU
008 - FIXED-LENGTH DATA ELEMENTS--GENERAL INFORMATION
fixed length control field 181216s||||||||xx |||||||||||||| ||und||
040 ## - CATALOGING SOURCE
Transcribing agency GE_BSU
080 ## - UNIVERSAL DECIMAL CLASSIFICATION NUMBER
Universal Decimal Classification number 581:632
100 ## - MAIN ENTRY--PERSONAL NAME
Personal name Кант,Гюнтер.
245 ## - TITLE STATEMENT
Title Биологическое растениеводство
245 ## - TITLE STATEMENT
Remainder of title Возможности биолгических агросистем.
245 ## - TITLE STATEMENT
Statement of responsibility, etc. Пер. с.Немецкого С.О.Эбель
260 ## - PUBLICATION, DISTRIBUTION, ETC.
Place of publication, distribution, etc. Москва
260 ## - PUBLICATION, DISTRIBUTION, ETC.
Name of publisher, distributor, etc. Агропромиздат
260 ## - PUBLICATION, DISTRIBUTION, ETC.
Date of publication, distribution, etc. 1988
300 ## - PHYSICAL DESCRIPTION
Extent 204 с. 20 см.
653 ## - INDEX TERM--UNCONTROLLED
Uncontrolled term Биолгическое растениеводство.
653 ## - INDEX TERM--UNCONTROLLED
Uncontrolled term ბიოლოგია
942 ## - ADDED ENTRY ELEMENTS (KOHA)
Koha item type წიგნი
ეგზემპლარები
Withdrawn status Lost status Damaged status Not for loan Date acquired Barcode Date last seen Price effective from Koha item type
        2018-12-17 2871 2018-12-17 2018-12-17 წიგნი